00443pab a2200145 454500008004000000100001600040245011900056260000900175300001300184362000800197650001800205650001000223700001600233773004800249180718b2007 xxu||||| |||| 00| 0 eng d aUppal, R.K. aIndian banking sector: efficiency in the post-banking sector reforms ERA - new challenges and future opportunities c2007 ap.42-55. aApr aBanks - India aBanks aKaur, Rimpi aPrestige Journal of Management and Research